<?xml version="1.0" encoding="UTF-8"?>
<record
    xmlns:xsi="http://www.w3.org/2001/XMLSchema-instance"
    xsi:schemaLocation="http://www.loc.gov/MARC21/slim http://www.loc.gov/standards/marcxml/schema/MARC21slim.xsd"
    xmlns="http://www.loc.gov/MARC21/slim">

  <leader>01356    a2200253   4500</leader>
  <controlfield tag="001">128153</controlfield>
  <datafield tag="040" ind1=" " ind2=" ">
    <subfield code="c">Escola Canadense de Niteroi</subfield>
  </datafield>
  <datafield tag="090" ind1=" " ind2=" ">
    <subfield code="a">COH</subfield>
  </datafield>
  <datafield tag="100" ind1=" " ind2=" ">
    <subfield code="a">Cohen, Marleine</subfield>
  </datafield>
  <datafield tag="245" ind1="1" ind2="0">
    <subfield code="a">John Lennon</subfield>
  </datafield>
  <datafield tag="250" ind1=" " ind2=" ">
    <subfield code="a">1. ed.</subfield>
  </datafield>
  <datafield tag="260" ind1=" " ind2=" ">
    <subfield code="a">S&#xE3;o Paulo</subfield>
  </datafield>
  <datafield tag="300" ind1=" " ind2=" ">
    <subfield code="a">111 p.</subfield>
    <subfield code="b">il.</subfield>
  </datafield>
  <datafield tag="362" ind1="0" ind2=" ">
    <subfield code="a">2006</subfield>
  </datafield>
  <datafield tag="490" ind1="0" ind2=" ">
    <subfield code="a">Personagens que marcaram &#xE9;poca</subfield>
  </datafield>
  <datafield tag="520" ind1=" " ind2=" ">
    <subfield code="a">Um, dois, tr&#xEA;s... cinco tiros na noite de 8 de dezembro de 1980, em Nova Iorque. Do edif&#xED;cio Dakota, em frente ao Central Park, um homem ensanguentado, casaco de couro, &#xE9; levado &#xE0;s pressas ao hospital. 
O sonho acabava de fato. Por decis&#xE3;o e obra de um lun&#xE1;tico, Mark Chapman, morria Lennon e, com ele, a esperan&#xE7;a dos f&#xE3;s de ver os Beatles reunidos novamente.
Mas quem foi John Winston Lennon? 
Do nascimento em Liverpool sob bombardeio a&#xE9;reo, durante a Segunda Guerra Mundial, ao abandono do pai e morte da m&#xE3;e, atropelada em frente de casa; dos primeiros acordes regados a anfetamina e &#xE1;lcool na Alemanha ao m&#xE1;gico encontro com Yoko Ono, numa galeria de arte, e &#xE0;s campanhas humanit&#xE1;rias que o rotulavam de subversivo, John Lennon foi irrever&#xEA;ncia e criatividade.</subfield>
  </datafield>
  <datafield tag="650" ind1=" " ind2="4">
    <subfield code="a">N&#xE3;o Fic&#xE7;&#xE3;o</subfield>
  </datafield>
  <datafield tag="650" ind1=" " ind2="4">
    <subfield code="a">Biografia</subfield>
  </datafield>
  <datafield tag="650" ind1=" " ind2="4">
    <subfield code="a">M&#xFA;sica</subfield>
  </datafield>
  <datafield tag="650" ind1=" " ind2="4">
    <subfield code="a">Musicos</subfield>
  </datafield>
  <datafield tag="650" ind1=" " ind2="4">
    <subfield code="a">Literatura para Jovem Adulto</subfield>
  </datafield>
  <datafield tag="650" ind1=" " ind2="4">
    <subfield code="a">Personagens Hist&#xF3;ricos</subfield>
  </datafield>
  <datafield tag="942" ind1=" " ind2=" ">
    <subfield code="c">BK</subfield>
  </datafield>
  <datafield tag="952" ind1=" " ind2=" ">
    <subfield code="0">0</subfield>
    <subfield code="1">0</subfield>
    <subfield code="4">0</subfield>
    <subfield code="7">0</subfield>
    <subfield code="a">12.10</subfield>
    <subfield code="b">12.10</subfield>
    <subfield code="d">2024-02-09</subfield>
    <subfield code="l">1</subfield>
    <subfield code="o">COH</subfield>
    <subfield code="p">A23243</subfield>
    <subfield code="r">2024-05-09 14:08:42</subfield>
    <subfield code="s">2024-04-24</subfield>
    <subfield code="w">2024-02-09</subfield>
    <subfield code="y">BK</subfield>
  </datafield>
  <datafield tag="999" ind1=" " ind2=" ">
    <subfield code="c">128153</subfield>
    <subfield code="d">128153</subfield>
  </datafield>
</record>
